Literary Characters’ First Names - Statistics

General Stats
  • This quiz has been taken 56 times
  • The average score is 6 of 15
Answer Stats
Character Creator % Correct
Professor Dumbledore Albus
80%
Dr. Lector Hannibal
76%
Dr. Frankenstein Victor
76%
The Great Gatsby Jay
70%
Mr, Scrooge Ebenezer
68%
Lord Voldemort Tom
66%
Dr. Watson John
60%
Don Corleone Vito
50%
Mr. Darcy Fitzwilliam
30%
Miss Marple Jane
18%
Dr. Van Helsing Abraham
16%
Doctor Zhivago Yuri Andreievich
12%
Dr Jekyll Henry
10%
Lady Chatterley Constance
6%
Miss Havisham Amelia
0%
No matching quizzes found
Score Distribution
Percent of People with Each Score
Percentile by Number Answered
Your Score History
You have not taken this quiz